000 00441nam a2200145 a 4500
001 000030109
005 20200930060041.0
008 110429s1985 dr a 000 0 spa d
040 _aDO-SdBNP
_bspa
_cBNPHU
082 _axxx
_bC965n
245 0 0 _aCuentas nacionales :
_bproducto nacional bruto 1978-1982.
260 _aSanto Domingo :
_bBanco Central de la República Dominicana,
_c1985.
300 _a86 p. :
_bgraf. ;
_c28 cm.
049 _aBNPD
999 _c29601
_d29601